000 00257nam a2200109Ia 4500
008 190216s9999||||xx |||||||||||||| ||und||
100 _aGrover B L
245 0 _aNew Book On Modern Indian History
260 _bS Chand & Co
650 _aHistory
942 _cBK
999 _c19408
_d19408